00675 2200253 4500001002100000005001700021008004100038020001800079035002400097090001500121100002100136245004300157250001100200260003800211300003100249500003100280650003300311850001500344980001400359985000600373986001200379999001500391999001500406YOGYA-0209000003765920090227025300.0 ind  a979-3721-16-2 0010-020900000037659 a425bKar S aKARDIMIN, Akhmad aSmart English grammarcAkhmad Kardimin aCet. 1 aYogyakartabPustaka Pelajarc2005 aviii, 457 hlmbilusc21 cm aBibliografi : hlm. 453-457 aBahasa Inggris - Tata bahasa aYOPDYOG(M) a0503-2006 a2 aMrrtrev a05B0011659 a05B0011660